01806nam a2200397 i 4500003000900000005001700009008004100026020001800067040002800085043001200113084001100125100004600136245009200182250002000274300002300294490005600317500025800373500006200631504006000693600006700753650004000820650004000860650004000900650004400940650004200984650006501026650004301091651005401134710003601188710003601224710002701260710002901287710002701316710002601343710003901369CO-ViMGA20230915224423.0201030s2020 ck jr s000 jdspa d a9789585599895 aCO-ViMGAbspacCO-ViMGA as-ck--- aC ZAP21 aZapata Olivella, Manueld1920-2004eautor10aHe visto la noche. Las raices de la furia negrabrelatos (1953)cManuel Zapata Olivella aSeptima edicion a277 paginasc24 cm0 aAño Manuel Zapata Olivella. Ministerio de Cultura aEdicion coeditada por las siguientes instituciones colombianas: Ministerio de Cultura, Instituto Caro y Cuervo, Biblioteca Nacional de Colombia, Universidad del Valle, Universidad de Cartagena, Universidad de Cordoba, Universidad Tecnologica de Pereira  aIncluye glosario y analisis de la obra al final del texto aIncluye referencias bibliograficas en paginas : 211-21214aZapata Olivella, Manueld1920-2004xCri­tica e interpretacion172LEMBaAsimilacion culturalvCuentos172LEMBaAutores colombianosySiglo XX172LEMBaCuentos colombianosySiglo XX172LEMBaEmigracion e inmigracionvCuentos172LEMBaLiteratura colombianaySiglo XX172LEMBaNegros xCondiciones socialeszEstados UnidosvCuentos172LEMBaRacismozEstados UnidosvCuentos 4aEstados UnidosxEmigracion e inmigracionvCuentos12aColombiabMinisterio de Cultura2 aBiblioteca Nacional de Colombia2 aInsituto Caro y Cuervo2 aUniversidad de Cartagena2 aUniversidad de Cordoba2 aUniversidad del Valle2 aUniversidad Tecnologica de Pereira